Neuroscience of everyday life : (Record no. 52342)

MARC details
000 -LEADER
fixed length control field 00647nam a2200229Ia 4500
005 - DATE AND TIME OF LATEST TRANSACTION
control field 20260429112110.0
008 - FIXED-LENGTH DATA ELEMENTS--GENERAL INFORMATION
fixed length control field 260429s9999||||xx |||||||||||||| ||und||
020 ## - INTERNATIONAL STANDARD BOOK NUMBER
International Standard Book Number 9781638221265
041 ## - LANGUAGE CODE
Language English
082 ## - DEWEY DECIMAL CLASSIFICATION NUMBER
Classification number 612.8
Item number DUN
100 ## - MAIN ENTRY--PERSONAL NAME
Personal name Dunn, Winnie
245 #0 - TITLE STATEMENT
Title Neuroscience of everyday life :
Remainder of title an applied guide for health sciences students /
Statement of responsibility, etc Winnie Dunn
250 ## - EDITION STATEMENT
Edition statement 1st ed.
260 ## - PUBLICATION, DISTRIBUTION, ETC. (IMPRINT)
Place of publication, distribution, etc New York :
Name of publisher, distributor, etc Routledge,
Date of publication, distribution, etc 2025.
300 ## - PHYSICAL DESCRIPTION
Extent xv, 343 p.; pbk
650 ## - SUBJECT ADDED ENTRY--TOPICAL TERM
Topical term or geographic name as entry element Health science
650 ## - SUBJECT ADDED ENTRY--TOPICAL TERM
Topical term or geographic name as entry element Neuroscience
700 ## - ADDED ENTRY--PERSONAL NAME
Personal name Nilsen, Dawn M.
700 ## - ADDED ENTRY--PERSONAL NAME
Personal name Richards, Lorie Gage
700 ## - ADDED ENTRY--PERSONAL NAME
Personal name Wolf, Timothy J.
942 ## - ADDED ENTRY ELEMENTS (KOHA)
Koha item type Text Books
Holdings
Withdrawn status Lost status Damaged status Not for loan Collection code Home library Location Shelving location Date of Cataloging Source of acquisition Total Checkouts Full call number Barcode Date last seen Price effective from Koha item type
        Non-fiction CUTN Central Library CUTN Central Library Medicine, Technology & Management 29/04/2026 Atlantic Publishers and Distributors, Chennai - Invoice No. 3013317 on 17-02-2026   612.8 DUN 57418 29/04/2026 29/04/2026 Text Books